000 00504nam a2200145Ia 4500
008 100204s9999 xx 000 0 und d
082 _b25142
100 _aतारखेडकर ए. आर.
245 _aवास्तूशास्त्र
260 _bकॉस्मो पब्लिशिंग हाऊस इंडिया
_c2001 6
300 _a167
630 _aवास्तूशास्त्र
730 _aवास्तूशास्त्र
942 _cBOOK
999 _c470323
_d470320